The Fault In Our Stars - Statistics

General Stats
  • This quiz has been taken 808 times
  • The average score is 4 of 5
Answer Stats
Questions Answer % Correct
Who dies? Augustus Waters
96%
What limb did Augustus lose? His Leg
94%
What is Hazel diagnosed with? Stage 4 Thyroid Cancer
80%
What is Hazel's favorite book? An Imperial Affliction
58%
Who wrote Hazel's favorite book? Peter Van Houten
56%
No matching quizzes found
Score Distribution
Percent of People with Each Score
Percentile by Number Answered
Your Score History
You have not taken this quiz